Tratado sobre el municipio contemporáneo / (Registro nro. 41648)

Detalles MARC
000 -LEADER
fixed length control field 00849cam a2200265 a 4500
001 - CONTROL NUMBER
control field 1018697
005 - DATE AND TIME OF LATEST TRANSACTION
control field 20250429224155.0
007 - PHYSICAL DESCRIPTION FIXED FIELD--GENERAL INFORMATION
fixed length control field ta
008 - FIXED-LENGTH DATA ELEMENTS--GENERAL INFORMATION
fixed length control field 971108s1997 ck r 000 0 spa d
015 ## - NATIONAL BIBLIOGRAPHY NUMBER
National bibliography number ck-1997-xxxx
020 ## - INTERNATIONAL STANDARD BOOK NUMBER
International Standard Book Number 9586391329
020 ## - INTERNATIONAL STANDARD BOOK NUMBER
International Standard Book Number 9586391299
040 ## - CATALOGING SOURCE
Original cataloging agency CO-CtgCURN
Language of cataloging spa
Transcribing agency coctgcurn
041 0# - LANGUAGE CODE
Language code of text/sound track or separate title spa
082 04 - DEWEY DECIMAL CLASSIFICATION NUMBER
Classification number 352.086
Item number B17t
Edition information 19 ed
100 1# - MAIN ENTRY--PERSONAL NAME
Personal name Barrios Zuluaga, Ricardo.
245 10 - TITLE STATEMENT
Title Tratado sobre el municipio contemporáneo /
Statement of responsibility, etc. Ricardo Barrios Zuluaga.
260 ## - PUBLICATION, DISTRIBUTION, ETC.
Place of publication, distribution, etc. Santa Fe de Bogotá :
Name of publisher, distributor, etc. Grijalbo,
Date of publication, distribution, etc. 1997.
300 ## - PHYSICAL DESCRIPTION
Extent 506 p. ;
Dimensions 25 cm.
500 ## - GENERAL NOTE
General note Colección Orlando Fals Borda 1.
650 14 - SUBJECT ADDED ENTRY--TOPICAL TERM
Topical term or geographic name entry element Administración municipal
Geographic subdivision Colombia.
651 #0 - SUBJECT ADDED ENTRY--GEOGRAPHIC NAME
Geographic name Colombia
General subdivision Administración pública.
942 ## - ADDED ENTRY ELEMENTS (KOHA)
Source of classification or shelving scheme Dewey Decimal Classification
Koha item type Libros
Classification part 352.086
Item part B17t
Existencias
Withdrawn status Lost status Source of classification or shelving scheme Damaged status Not for loan Collection Home library Current library Shelving location Date acquired Source of acquisition Cost, normal purchase price Inventory number Total checkouts Full call number Barcode Date last seen Copy number Price effective from Koha item type Public note
    Dewey Decimal Classification     General Miguel Henríquez Castañeda Miguel Henríquez Castañeda General 10/09/2018 Biblioteca personal del Fundador 45000.00 022514   352.086_B17t 022514 10/09/2018 ej.1 04/29/2025 Libros 350-ADM.P